Westminster (Parliament Street) Improvements (Record no. 116839)

MARC details
000 -LEADER
fixed length control field 00816cem a22002055a 4500
001 - CONTROL NUMBER
control field L140330
008 - FIXED-LENGTH DATA ELEMENTS--GENERAL INFORMATION
fixed length control field 070918s1886 xxk a 0 eng u
035 ## - SYSTEM CONTROL NUMBER
System control number (Sirsi) u140330
041 0# - LANGUAGE CODE
Language code of text/sound track or separate title eng
110 2# - MAIN ENTRY--CORPORATE NAME
Corporate name or jurisdiction name as entry element Edward Easton & Co.
245 00 - TITLE STATEMENT
Title Westminster (Parliament Street) Improvements
Remainder of title plans and sections
Medium [cartographic material]
255 ## - CARTOGRAPHIC MATHEMATICAL DATA
Statement of scale Horizontal scale 1:360, vertical scale 1:120
260 ## - PUBLICATION, DISTRIBUTION, ETC.
Place of publication, distribution, etc. London
Name of publisher, distributor, etc. E. W. Catling
Date of publication, distribution, etc. 1886-7
300 ## - PHYSICAL DESCRIPTION
Extent 3 maps and title page
Other physical details bound
Dimensions 76 x 101 cm., folded to 76 x 52 cm.
500 ## - GENERAL NOTE
General note Plans shoe Great George Street and the area immediately to the north. Plans are in a fragile condition with many tears.
651 4# - SUBJECT ADDED ENTRY--GEOGRAPHIC NAME
Geographic name London
690 ## - LOCAL SUBJECT ADDED ENTRY--TOPICAL TERM (OCLC, RLIN)
Topical term or geographic name as entry element ENVIRONMENTAL AND LAND CONSULTANCY-GEOMATICS-MAPPING AND POSITIONING-CARTOGRAPHY
700 1# - ADDED ENTRY--PERSONAL NAME
Personal name Green, W. J.
942 ## - ADDED ENTRY ELEMENTS (KOHA)
Suppress in OPAC 0
Holdings
Withdrawn status Lost status Source of classification or shelving scheme Damaged status Not for loan Home library Current library Shelving location Date acquired Total Checkouts Full call number Barcode Date last seen Copy number Price effective from Koha item type
    Dewey Decimal Classification     Historic collection Historic collection Historic collection 18/09/2007   MAP CABINET DRAWER 8 140330-2001 06/08/2019 1 06/08/2019 Archive